000
00209 a2200109 4500
020
_a
9567060334
041
_a
spa
100
_a
La Prensa
245
_a
El Libro de la Convivencia
942
_c
BK
952
_7
1
999
_c
23817
_d
23817